Flee the Facility - Facility_0 Computer Locations - Statistics

General Stats
  • This quiz has been taken 14 times
  • The average score is 6 of 11
Answer Stats
Answer % Correct
Office
75%
Purple
75%
Server Room
75%
Cinema
63%
Conference
63%
Grass
50%
Lab
50%
Left Blue
50%
Main (Both Coms)
50%
Right Blue
50%
Grey
38%
No matching quizzes found
Score Distribution
Percent of People with Each Score
Percentile by Number Answered
Your Score History
You have not taken this quiz